000
00208nam a2200109Ia 4500
100
_a
#N/A
942
_c
BK
245
_a
25 Open Source Tools for IT Needs
260
_b
#N/A
546
_a
ENGLISH
999
_c
21154
_d
21154